La locomotora (Record no. 88528)
[ view plain ]
| 000 -LEADER | |
|---|---|
| campo de control de longitud fija | 00713nam a2200193 i 4500 |
| 001 - NÚMERO DE CONTROL | |
| campo de control | 88528 |
| 003 - IDENTIFICADOR DE NÚMERO DE CONTROL | |
| campo de control | ES-MaACL |
| 005 - FECHA Y HORA DE LA ÚLTIMA TRANSACCIÓN | |
| campo de control | 20230906175857.0 |
| 007 - CAMPO FIJO DE DESCRIPCIÓN FÍSICA--INFORMACIÓN GENERAL | |
| campo de control de longitud fija | t| |
| 008 - DATOS DE LONGITUD FIJA--INFORMACIÓN GENERAL | |
| campo de control de longitud fija | 050104s1954 sp ||||1| spa d |
| 100 1# - ENTRADA PRINCIPAL--NOMBRE DE PERSONA | |
| Nombre de persona | Lamalle, U. |
| 9 (RLIN) | 69759 |
| 245 13 - MENCIÓN DEL TÍTULO | |
| Título | La locomotora |
| Resto del título | : manual práctico para los maquinistas y fogoneros / |
| Mención de responsabilidad, etc. | por U. Lamalle, F. Legein ; traducción de Antidio Layret. |
| 250 ## - MENCION DE EDICION | |
| Mención de edición | 2ª ed. corr. y amp. de acuerdo con la 4ª ed. belga. |
| 260 ## - PUBLICACIÓN, DISTRIBUCIÓN, ETC. | |
| Lugar de publicación, distribución, etc. | Barcelona : |
| Nombre del editor, distribuidor, etc. | Gustavo Gili, |
| Fecha de publicación, distribución, etc. | 1954 ( |
| Fabricante | Casa Provincial de Caridad, Imp. Escuela) |
| 300 ## - DESCRIPCIÓN FÍSICA | |
| Extensión | 678 p., 2 lám. : |
| Otras características físicas | il. ; |
| Dimensiones | 23 cm. |
| 700 1# - ENTRADA AGREGADA--NOMBRE PERSONAL | |
| Nombre de persona | Legein, F. |
| 9 (RLIN) | 71269 |
| 700 1# - ENTRADA AGREGADA--NOMBRE PERSONAL | |
| Nombre de persona | Layret Foix, Antidio. |
| 9 (RLIN) | 70769 |
| 852 ## - LOCALIZACIÓN | |
| Ubicación | ES-MaACL |
| Número de control de estantería | C-31544 |
| Sublocalización o colección | R.36826 |
| Estatus retirado | Estado de pérdida | Estado de daño | No para préstamo | Biblioteca de origen | Biblioteca actual | Ubicación en estantería | Fecha de adquisición | Fuente de adquisición | Total de préstamos | Signatura topográfica completa | Código de barras | Visto por última vez | Precio de reemplazo | Tipo de ítem Koha |
|---|---|---|---|---|---|---|---|---|---|---|---|---|---|---|
| Biblioteca del Ateneo de Madrid | Biblioteca del Ateneo de Madrid | Depósito 2 | 17/01/2008 | C-31544 | 1092472 | 23/02/2023 | 23/02/2023 | Libro impreso |
